Historiaa kirjaimittain - Z - Statistics

Yleistilastot
  • Tätä visaa on pelattu 861 kertaa
  • Keskiarvotulos 5 / 14
Vastaustilastot
Vihje Vastaus % Oikein
Kreikkalaisen mytologian ylijumala Zeus
95%
Toinen nimitys ilmalaivoille, joista yksi oli Hindenburg Zeppeliini
82%
Tunnettiin nimellä Etelä-Rhodesia, kun se oli Yhdistyneen kuningaskunnan siirtomaa Zimbabwe
81%
Kongon demokraattisen tasavallan entinen nimi Zaire
71%
Aikoinaan Shakan johtama Etelä-Afrikan kansa Zulut
54%
Persialainen profeetta, joka perusti itsensä mukaan nimetyn uskonnon Zarathustra
26%
Neuvostoliiton tärkein komentaja toisessa maailmansodassa Georgi Žukov
22%
Toimi Aragonin kuningaskunnan pääkaupunkina vuosisatojen ajan Zaragoza
22%
Ranskalainen kirjailija, joka syytti Ranskaa antisemitismistä (J'accuse) Émile Zola
13%
Mesopotamialainen porraspyramidin kaltainen rakennelma Zikkurat
11%
Meksikon Chiapasin osavaltiossa vuodesta 1994 lähtien toimineen sissiliikkeen nimitys Zapatistit
9%
Paradokseistaan tunnettu antiikin Kreikan filosofi Zenon
9%
Saksan ehdotus Meksikolle hyökätä Yhdysvaltoihin ensimmäisessä maailmansodassa {Zimmermann}-sähke
8%
Alankomaiden entinen merenlahti, jonka patoaminen muodosti Ijsselmeerin Zuiderzee
7%
Ehtoja vastaavia visoja ei löytynyt
Tulosjakauma
Jokaisen tuloksen saaneiden osuus
Persentiili vastausten määrän mukaan
Tuloshistoriasi
Et ole pelannut tätä visaa